LEADER 00989nam0 2200265 450 001 000016344 005 20080922144300.0 100 $a20080922d2000----km-y0itay50------ba 101 0 $aita 102 $aIT 105 $ay-------001yy 200 1 $aArrivavano dal mare$ele operazioni anfibie di Roma antica a confronto con quelle odierne degli Stati Uniti$fValentine J. Belfiglio$gtrad. di Francesco Pascazio 210 $aRoma$cRivista marittima$d2000 215 $a96 p.$cill.$d24 cm 225 2 $a<<[>>Supplemento alla Rivista marittima<<]>> 410 0$12001$a<<[>>Supplemento alla Rivista marittima<<]>> 610 1 $aRoma antica$aStoria navale$a204 a.C.-43 d.C. 676 $a937$v20$9Storia antica. Roma 700 1$aBelfiglio,$bValentine J.$4070$09915 702 1$aPascazio,$bFrancesco 801 0$aIT$bUNIPARTHENOPE$c20080922$gRICA$2UNIMARC 912 $a000016344 951 $aRIMAS 623/4-2000$bs.i.$cPIST$d2008 996 $aArrivavano dal mare$9121649 997 $aUNIPARTHENOPE LEADER 02325nam0 22005053i 450 001 MIL0059424 005 20251003044221.0 100 $a20170103d1985 ||||0itac50 ba 101 | $aita$aeng 102 $ait 181 1$6z01$ai $bxxxe 182 1$6z01$an 183 1$6z01$ahe$2RDAcarrier 200 1 $aCatalogo dei terremoti italiani dall'anno 1000 al 1980$feditor D. Postpischl 210 $aBologna$c[s.n.]$aRoma$cCNR$d1985$eBologna$gGraficoop 215 $a239 p.$cill., tab.$d30 cm$e5 microfiches + 1 c. geogr. ripieg. 225 | $aQuaderni de La ricerca scientifica$v114 410 0$1001CFI0011537$12001 $aQuaderni de La ricerca scientifica$v114 606 $aItalia$xCarte sismiche$2FIR$3CFIC013234$9I 606 $aTerremoti$xItalia$xSec. 11.-20.$2FIR$3CFIC038093$9I 676 $a551.22$9$v21 676 $a551.220945$9$v21 676 $a551.2209450021$9FENOMENI PLUTONICI. TERREMOTI. ITALIA. STATISTICHE$v21 696 $aCarte della sismicità 696 $aFenomeni sismici$aMovimenti tellurici$aMovimenti sismici$aSismi 699 $aCarte sismiche$yCarte della sismicità 699 $aTerremoti$zFenomeni sismici 699 $aTerremoti$yMovimenti tellurici 699 $aTerremoti$yMovimenti sismici 699 $aTerremoti$ySismi 702 1$aPostpischl$b, Daniele$3CFIV027107 710 02$aConsiglio nazionale delle ricerche$b : Gruppo catalogo dei terremoti$3MILV057393$4070$0448088 712 01$aConsiglio nazionale delle ricerche$b : Progetto finalizzato Geodinamica$b : Sottoprogetto Rischio sismico e ingegneria sismica$3CFIV027105 790 1$aPostpischl$b, D.$3RT1V023565$zPostpischl, Daniele 801 3$aIT$bIT-000000$c20170103 850 $aIT-BN0095 $aIT-NA0079 $aIT-NA0070 $aIT-NA0097 901 $bNAP BN$cMAGAZZINO $nmagazzini correnti divisi per anni 901 $bNAP 01$cSALA $n$ 901 $bNAP SP$cNF. $nNUOVO FONDO 901 $bNAP BU$cCONS. $nConsultazione. 912 $aMIL0059424 950 0$aBiblioteca Centralizzata di Ateneo$c1 v.$d 01SALA 551.2 CAT$e 0104 0000005515 VMA 1 v.$fA $h20070521$i20070521 977 $a 01$a BN$a BU$a SP 996 $aCatalogo dei terremoti italiani dall'anno 1000 al 1980$9108453 997 $aUNISANNIO